ASSE Effectif 2025/2026 - Statistiques

Statistiques générales
  • Ce quiz a été pris 435 fois
  • Le résultat moyen est 22 sur 28
Statistiques - réponses
Hint Pays Réponse % Correct
Gardien (16) 🇫🇷 Gauthier Larsonneur
98%
Buteur (32) 🇧🇪 Lucas Stassin
98%
Défenseur Central (3) 🇫🇷 Mickael Nadé
94%
Ailier Droit (7) 🇫🇷 Irvin Cardona
93%
Milieu Central (29) 🇲🇦 Aimen Moueffek
91%
Gardien (1) 🇫🇷 Brice Maubleu
91%
Coach 🇳🇴 Eirik Horneland
91%
Milieu Central (10) 🇫🇷 Florian Tardieu
90%
Ailier Gauche (11) 🇳🇿 Ben Old
89%
Buteur (17) 🇯🇲 Joshua Duffus
88%
Ailier Gauche (22) 🇬🇪 Zuriko Davitashvili
88%
Defenseur Droit (8) 🇫🇷 Denis Appiah
86%
Ailier Droit (20) 🇬🇭 Augustine Boakye
85%
Defenseur Droit (13) 🇵🇹 Joao Ferreira
85%
Défenseur Central (15) 🇵🇹 Chico Lamba
84%
Milieu Central (5) 🇮🇱 Mahmoud Jaber
80%
Defenseur Gauche (19) 🇬🇭 Ebenezer Annan
79%
Défenseur Central (23) 🇫🇷 Maxime Bernauer
77%
Milieu Central (6) 🇲🇦 Benjamin Bouchouari
76%
Défenseur Central (21) 🇨🇩 Dylan Batubinsika
76%
Milieu Offensif (28) 🇷🇸 Igor Miladinovic
74%
Defenseur Droit (27) 🇫🇷 Yvann Macon
70%
Milieu Défensif (4) 🇫🇷 Pierre Ekwah
66%
Buteur (25) 🇫🇷 Djylian N'guessan
62%
Milieu Offensif (31) 🇫🇷 / 🇲🇦 Nadir El Jamali
62%
Defenseur Droit (2) 🇷🇸 Strahinja Stojkovic
51%
Défenseur Gauche (34) 🇸🇳 Lassana Traoré
50%
Milieu Défensif (35) 🇫🇷 Luan Gadegbeku
47%
Aucun quiz correspondant
Distribution des résultats
% des personnes avec chaque résultat
Percentile par nombre de réponses
Votre historique - résultats
Vous n’avez pas pris ce quiz